LEADER 02441nam 2200529 450 001 9910554868203321 005 20211213134757.0 010 $a1-119-68434-X 010 $a1-119-68452-8 010 $a1-119-68431-5 035 $a(CKB)4100000011920332 035 $a(MiAaPQ)EBC6579276 035 $a(Au-PeEL)EBL6579276 035 $a(OCoLC)1250084511 035 $a(EXLCZ)994100000011920332 100 $a20211213d2021 uy 0 101 0 $aeng 135 $aurcnu|||||||| 181 $ctxt$2rdacontent 182 $cc$2rdamedia 183 $acr$2rdacarrier 200 00$aHuman communication $eorigins, mechanisms and functions /$fedited by Maria D. Sera, Melissa Koenig 210 1$aHoboken, New Jersey :$cWiley,$d[2021] 210 4$dİ2021 215 $a1 online resource (272 pages) 225 1 $aThe Minnesota Symposia on Child Psychology Ser. 300 $aIncludes index. 311 $a1-119-68432-3 327 $aIntro -- Minnesota Symposia on Child Psychology Volume 40 -- Contents -- Preface -- Part I: Phylogenetic Origins -- 1. A Very Long Look Back at Language Development: Exploring the Evolutionary Origins of Human Language -- 2. Building a Communication System in Infancy -- 3. Connecting Language Acquisition and Language Evolution: Clues from the Emergence of Nicaraguan Sign Language* -- Part II: Ontogenetic Origins and Mechanisms -- 4. The Role of Prenatal Experience and Basic Auditory Mechanisms in the Development of Language -- 5. Infant Speech Perception: Integration of Multimodal Data Leads to a New Hypothesis - Sensorimotor Mechanisms Underlie Learning -- Part III: Functions -- 6. Does Vocabulary Help Structure the Mind? -- 7. Numerical Symbols as Explanations of Human Perceptual Experience -- Author Index -- Subject Index -- EULA. 410 4$aThe Minnesota Symposia on Child Psychology Ser. 606 $aChildren$xLanguage$vCongresses 606 $aInterpersonal communication in children 606 $aChild psychology$vCongresses 608 $aElectronic books. 615 0$aChildren$xLanguage 615 0$aInterpersonal communication in children. 615 0$aChild psychology 676 $a155.4136 702 $aKoenig$b Melissa Ann$f1970- 702 $aSera$b Maria D. 801 0$bMiAaPQ 801 1$bMiAaPQ 801 2$bMiAaPQ 906 $aBOOK 912 $a9910554868203321 996 $aHuman communication$92002054 997 $aUNINA LEADER 01087nas a2200277 i 4500 001 991002105039707536 006 m 007 cr 008 130702d19961999 br p 0 0eng d 022 $a1520-6408$l0192-253X 035 $ab1412189x-39ule_inst 040 $aDi.S.Te.B.A.$beng 229 0$aDevelopmental genetics 245 00$aDevelopmental genetics [online] 260 $aNew York :$bWiley,$c1996-1999 650 0$aCell differentiation$vPeriodicals 650 0$aMolecular biology$vPeriodicals 776 1 $aAlso issued in print:$tDevelopmental genetics 785 00$aGenesis [online] 856 41$uhttp://onlinelibrary.wiley.com/journal/10.1002/(ISSN)1526-968X/issues$zAvailable from 1996 to 1999 on Publisher Site 856 41$uhttp://onlinelibrary.wiley.com/journal/10.1002/(ISSN)1526-968X/issues$zAvailable also from 2000- the next title "Genesis" 907 $a.b1412189x$b24-02-22$c02-07-13 912 $a991002105039707536 996 $aDevelopmental genetics$9263417 997 $aUNISALENTO 998 $ale003$b02-07-13$cs$dm $e-$feng$gnyu$h0$i0